zpět

Detail výsledku týmu

AktOFFka, Buštěhrad

Datum a čas kvízu

30 Celkem bodů Celkový počet nahraných bodů na tomto kvízu bez doplňovacích otázek.
4. Pořadí na kvízu Konečné umístění týmu na tomto kvízu.

Zaznamenané odpovědi

# Otázka Odpověď Body Výsledky
1. Největší český online prodejce... Rohlik(.cz), Rabbit (CZ) 0.5
2. Jistý stát zažil minulý týden... Čína 0
3. Letošní vyhlášení tuzemských k... Muriel 0
4. V sobotu nastal tzv. mikroúpln... sněžný 0
5. Jeden teprve osmnáctiletý česk... Jakub Menšík, Katar 0
6. Součástí televizního programu... Hodina pravdy 1
7. Milovníkům AZ-kvízu či zábavný... pěstební dělnice 1
8. Mezi lety 1996 až 2006 vysílal... Videostop 0
9. V dnešní době je velmi populár... jednou 0
10. Kdo z uvedených nikdy nemodero... D 1